00553nam a2200169Ia 4500008004100000020001500041041000800056082001700064100001900081245005200100250000600152260003900158300001200197650001800209999001900227952013700246210716s2012 xx 000 0 und d a8178083760 aeng a005.133 SUMS aSummit, Steve. aC programming faqs: frequently asked qoestions. a1 aNew DelhibPearson Educationc2012 axli,389 aC Programming c193659d193659 001040708MCAaAIMITbAIMITeHigginbothams Pvt Ltdg375.00l0o005.133 SUMSpMCA13167r2025-07-21 00:00:00v281.25w2021-07-16yBK